000 00711nam a22001817a 4500
999 _c62150
_d62150
005 20240723173426.0
008 240723s2016 ge ||||| |||| 00| 0 ger d
020 _a9783823367697 X
080 _a81'1 K-83
100 _aKrieg-Holz, Ulrike
_922917
245 _a Linguistische Stil- und Textanalyse :
_bEine Einführung /
_cUlrike Krieg-Holz, Lars Bülow
264 _aTübingen:
_bNarr Francke Attempto,
_c2016.
300 _a288 p.:
_b24 cm.
653 _aLinguistische Stil- und Textanalyse : Eine Einführung
653 _aლინგვისტური სტილისა და ტექსტის ანალიზი
700 _aBülow, Lars
_eAuthor
_922918
942 _2udc
_cᲬᲘᲒᲜᲘ